Tiburones : (Record no. 24744)

MARC details
000 -LEADER
fixed length control field 01512cam a2200337Ii 4500
001 - CONTROL NUMBER
control field 933256866
003 - CONTROL NUMBER IDENTIFIER
control field OCoLC
005 - DATE AND TIME OF LATEST TRANSACTION
control field 20200728143333.0
008 - FIXED-LENGTH DATA ELEMENTS--GENERAL INFORMATION
fixed length control field 151221s2015 nyua j 001 0 spa
020 ## - INTERNATIONAL STANDARD BOOK NUMBER
International Standard Book Number 9781474816816
020 ## - INTERNATIONAL STANDARD BOOK NUMBER
International Standard Book Number 1474816819
040 ## - CATALOGING SOURCE
Original cataloging agency SNR
Transcribing agency SNR
Modifying agency SNR
041 1# - LANGUAGE CODE
Language code of text/sound track or separate title spa
Language code of original eng
092 ## - LOCALLY ASSIGNED DEWEY CALL NUMBER (OCLC)
Classification number SP J 597.3
Item number Tiburones
245 00 - TITLE STATEMENT
Title Tiburones :
Remainder of title conoce de cerca los depredadores marinos mas temidos /
Statement of responsibility, etc. produccion, Jollands Editions ; traduccion Carme Frach para Delivering iBooks & Design.
260 ## - PUBLICATION, DISTRIBUTION, ETC. (IMPRINT)
Place of publication, distribution, etc. New York :
Name of publisher, distributor, etc. Parragon,
Date of publication, distribution, etc. 2015.
264 #1 - PRODUCTION, PUBLICATION, DISTRIBUTION, MANUFACTURE, AND COPYRIGHT NOTICE
Place of production, publication, distribution, manufacture New York :
Name of producer, publisher, distributor, manufacturer Parragon,
Date of production, publication, distribution, manufacture, or copyright notice 2015.
300 ## - PHYSICAL DESCRIPTION
Extent 80 pages :
Other physical details color illustrations ;
Dimensions 29 cm.
336 ## - CONTENT TYPE
Content type term text
Content type code txt
Source rdacontent.
337 ## - MEDIA TYPE
Media type term unmediated
Media type code n
Source rdamedia.
338 ## - CARRIER TYPE
Carrier type term volume
Carrier type code nc
Source rdacarrier.
500 ## - GENERAL NOTE
General note Includes index.
520 ## - SUMMARY, ETC.
Summary, etc. "A traves de magnificas fotografias e increibles imagenes en accion. Tiburones te invita a realizar un fascinante viaje visual para conocer a los reyes del oceano de cerca y a descubrir secretos sorprendentes por el camino. Este libro de consulta para toda la familia saciara la curiosidad de las mentes mas inquisitivas y dara a conocer el maravilloso mundo de los tiburones" -- Page 4 of cover.
650 #0 - SUBJECT ADDED ENTRY--TOPICAL TERM
Topical term or geographic name as entry element Sharks
Form subdivision Juvenile literature.
650 #0 - SUBJECT ADDED ENTRY--TOPICAL TERM
Topical term or geographic name as entry element Spanish language materials.
650 #7 - SUBJECT ADDED ENTRY--TOPICAL TERM
Topical term or geographic name as entry element Tiburones
General subdivision Novela juvenil.
Source of heading or term bidex.
650 #7 - SUBJECT ADDED ENTRY--TOPICAL TERM
Topical term or geographic name as entry element Sharks.
Source of heading or term fast
Authority record control number (OCoLC)fst01115299.
655 #7 - INDEX TERM--GENRE/FORM
Genre/form data or focus term Juvenile works.
Source of term fast
Authority record control number (OCoLC)fst01411637.
700 1# - ADDED ENTRY--PERSONAL NAME
Personal name Frach, Carme.
942 ## - ADDED ENTRY ELEMENTS (KOHA)
Koha item type Libro/Book
Holdings
Withdrawn status Lost status Damaged status Not for loan Home library Current library Date acquired Total Checkouts Full call number Barcode Date last seen Date checked out Price effective from Koha item type
        Barbudos -- Satellite Barbudos -- Satellite 17/08/2020   JNC 35802010 17/08/2020   17/08/2020 Libro/Book
        Capulin -- Satellite Capulin -- Satellite 13/08/2020   JNC 35102010 13/08/2020   13/08/2020 Libro/Book
        Monte Cristo -- Satellite Monte Cristo -- Satellite 26/08/2020   JNC 40202220 26/08/2020   26/08/2020 Libro/Book
        Sevadilla -- Satellite Sevadilla 28/07/2020 2 JNC 35401960 11/10/2024 02/09/2024 28/07/2020 Libro/Book

Powered by Koha